Programa para una revolución

Salvato in:
Dettagli Bibliografici
Autore principale: Sieyés, Emmanuel José (Autore)
Natura: Libro
Lingua:spagnolo
Pubblicazione: Ciudad de México UNAM 1989
Edizione:1a. ed
Soggetti:
Tags: Aggiungi Tag
Nessun Tag, puoi essere il primo ad aggiungerne!!

MARC

LEADER 00000cam a2200000 a 4500
001 UCD2900
003 CL-VaPUC
008 160520e19890000mx |||||||||||||||||spa|d
082 0 4 |a 320.944  |b SIE  |2 21 
100 0 |a Sieyés, Emmanuel José  |e author  |9 586303 
245 1 0 |a Programa para una revolución 
250 |a 1a. ed 
300 |a 124 p 
942 |c BK 
945 |d 20160520 11:34:00  |a dcastane 
260 |a Ciudad de México  |b UNAM  |c 1989 
650 7 |a HISTORIA DE FRANCIA SIGLO 18  |2 CL-VaPUC  |9 345414 
650 7 |a REVOLUCION 1789-1799  |2 CL-VaPUC  |9 435459 
650 0 |a Política y gobierno  |9 255151 
583 |a last modification  |c 20160520 11:34:00  |k Rodrigo Vera 
999 |c 364009  |d 364007 
952 |0 0  |1 0  |3 erb  |4 0  |6 320_944000000000000_SIE_1989  |7 0  |8 A  |9 476916  |a FDOHBE  |b FDOHBE  |e Huesbe Llanos, Marco Antonio, 1934-  |i 5305047  |o 320.944 SIE 1989  |p 5305047  |r 2024-01-30  |w 2019-11-24  |y BK  |z Catalogado en:20160520  |k HBE